000 00510nam a2200181Ia 4500
001 17618
005 20260306171530.0
008 260306s9999||||xx |||||||||||||| ||und||
041 _aESP
082 _a658.1
_bM22
100 _aManzuoli, Juan Pablo
_eAUT
245 0 _aNuevas inteligencias para la organización del futuro:
_bel uso de la inteligencia en la Organización innovadora
260 _c2006
300 _a280 páginas :
_c23 cm.
650 _aGEN
654 _aCAN
942 _cLIB
_dJUS
_fJUS
_2ddc
_n
999 _c17618
_d17618